Les villes comptant le plus de gratte-ciels - Statistiques

Statistiques générales
  • Ce quiz a été pris 95 fois
  • Le résultat moyen est 6 sur 10
Statistiques - réponses
Pays Nombre de gratte-ciels Réponse % Correct
Etats-Unis d'Amérique 290 New York
97%
Japon 160 Tokyo
93%
Emirats Arabes Unis 215 Dubai
88%
Chine 166 Shanghai
85%
Chine 482 Hong Kong
73%
Etats-Unis d'Amérique 130 Chicago
71%
Chine 101 Wuhan
45%
Chine 297 Shenzhen
40%
Chine 127 Chongqing
16%
Chine 121 Guangzhou
12%
Aucun quiz correspondant
Distribution des résultats
% des personnes avec chaque résultat
Percentile par nombre de réponses
Votre historique - résultats
Vous n’avez pas pris ce quiz